<?xml version="1.0" encoding="UTF-8"?><?xml-stylesheet type="text/xsl" href="static/style.xsl"?><OAI-PMH xmlns="http://www.openarchives.org/OAI/2.0/" xmlns:xsi="http://www.w3.org/2001/XMLSchema-instance" xsi:schemaLocation="http://www.openarchives.org/OAI/2.0/ http://www.openarchives.org/OAI/2.0/OAI-PMH.xsd"><responseDate>2026-04-27T12:55:25Z</responseDate><request verb="GetRecord" identifier="oai:uvadoc.uva.es:10324/65615" metadataPrefix="marc">https://uvadoc.uva.es/oai/request</request><GetRecord><record><header><identifier>oai:uvadoc.uva.es:10324/65615</identifier><datestamp>2026-03-26T07:58:02Z</datestamp><setSpec>com_10324_1145</setSpec><setSpec>com_10324_931</setSpec><setSpec>com_10324_894</setSpec><setSpec>col_10324_1254</setSpec></header><metadata><record xmlns="http://www.loc.gov/MARC21/slim" xmlns:doc="http://www.lyncode.com/xoai" xmlns:xsi="http://www.w3.org/2001/XMLSchema-instance" xmlns:dcterms="http://purl.org/dc/terms/" xsi:schemaLocation="http://www.loc.gov/MARC21/slim http://www.loc.gov/standards/marcxml/schema/MARC21slim.xsd">
<leader>00925njm 22002777a 4500</leader>
<datafield tag="042" ind1=" " ind2=" ">
<subfield code="a">dc</subfield>
</datafield>
<datafield tag="720" ind1=" " ind2=" ">
<subfield code="a">Ortega Quevedo, Vanessa</subfield>
<subfield code="e">author</subfield>
</datafield>
<datafield tag="720" ind1=" " ind2=" ">
<subfield code="a">Gil Puente, María Cristina</subfield>
<subfield code="e">author</subfield>
</datafield>
<datafield tag="720" ind1=" " ind2=" ">
<subfield code="a">Valles Rapp, Cristina</subfield>
<subfield code="e">author</subfield>
</datafield>
<datafield tag="720" ind1=" " ind2=" ">
<subfield code="a">López Luengo, María Antonia</subfield>
<subfield code="e">author</subfield>
</datafield>
<datafield tag="260" ind1=" " ind2=" ">
<subfield code="c">2020</subfield>
</datafield>
<datafield tag="520" ind1=" " ind2=" ">
<subfield code="a">El objetivo principal de este artículo de investigación es analizar la elaboración&#xd;
y validación de instrumentos de evaluación de habilidades de Pensamiento&#xd;
Crítico (pc) aplicables en el alumnado de entre 11 y 14 años, así como&#xd;
analizar una implementación de estos en un contexto educativo. En primer&#xd;
lugar, se realiza el diseño de una modificación del Halpern Critical Thinking&#xd;
Assessment (hcta, por sus siglas en inglés). Seguidamente, se analizan las&#xd;
propiedades psicométricas con los resultados obtenidos de la aplicación del&#xd;
test en una muestra de 171 estudiantes. Los resultados obtenidos del análisis&#xd;
permiten determinar una estructura factorial similar a la del test original y una&#xd;
fiabilidad aceptable para su aplicación. En segundo lugar, se diseña una&#xd;
rúbrica cualitativa para evaluar actividades en el contexto de aula. En última&#xd;
instancia, se aplican ambos instrumentos en un aula integrada por diecisiete&#xd;
estudiantes de entre 11 y 12 años, siguiendo la estructura pretest —intervención&#xd;
(realización de actividades de trabajo explícito del pc)— postest.&#xd;
Los resultados de la implementación, extraídos con la modificación del hcta,&#xd;
permiten observar una mejora de las habilidades pc, que se corresponde con&#xd;
la mejora reflejada en los resultados obtenidos en la evaluación mediante la&#xd;
rúbrica de esas mismas habilidades en las actividades de aula.</subfield>
</datafield>
<datafield tag="024" ind2=" " ind1="8">
<subfield code="a">Tecné, Episteme y Didaxis: TED, segundo semestre 2020, 48, 91-110</subfield>
</datafield>
<datafield tag="024" ind2=" " ind1="8">
<subfield code="a">2665-3184 impreso / 2323-0126 Web</subfield>
</datafield>
<datafield tag="024" ind2=" " ind1="8">
<subfield code="a">https://uvadoc.uva.es/handle/10324/65615</subfield>
</datafield>
<datafield tag="024" ind2=" " ind1="8">
<subfield code="a">10.17227/ted.num48-12383</subfield>
</datafield>
<datafield tag="024" ind2=" " ind1="8">
<subfield code="a">91</subfield>
</datafield>
<datafield tag="024" ind2=" " ind1="8">
<subfield code="a">48</subfield>
</datafield>
<datafield tag="024" ind2=" " ind1="8">
<subfield code="a">110</subfield>
</datafield>
<datafield tag="024" ind2=" " ind1="8">
<subfield code="a">Tecné, Episteme y Didaxis: TED</subfield>
</datafield>
<datafield tag="024" ind2=" " ind1="8">
<subfield code="a">48</subfield>
</datafield>
<datafield tag="245" ind1="0" ind2="0">
<subfield code="a">Diseño y validación de instrumentos de evaluación de pensamiento crítico en educación primaria</subfield>
</datafield>
</record></metadata></record></GetRecord></OAI-PMH>